Detalles MARC
| 000 -LEADER |
| fixed length control field |
01782cam a2200373 i 4500 |
| 001 - CONTROL NUMBER |
| control field |
65202 |
| 003 - CONTROL NUMBER IDENTIFIER |
| control field |
Mx-PuUPA |
| 005 - DATE AND TIME OF LATEST TRANSACTION |
| control field |
20250127102945.0 |
| 008 - FIXED-LENGTH DATA ELEMENTS--GENERAL INFORMATION |
| fixed length control field |
030310s2011 mx a grb 000 0 spa d |
| 020 ## - INTERNATIONAL STANDARD BOOK NUMBER |
| International Standard Book Number |
9788434469556 |
| Qualifying information |
volumen 3 |
| 040 ## - CATALOGING SOURCE |
| Original cataloging agency |
Mx-PuUPA |
| Transcribing agency |
Mx-PuUPA |
| Language of cataloging |
spa |
| Modifying agency |
Mx-PuUPA |
| Description conventions |
rda |
| 041 1# - LANGUAGE CODE |
| Language code of text/sound track or separate title |
spa |
| Language code of original |
eng |
| 100 1# - MAIN ENTRY--PERSONAL NAME |
| Personal name |
Copleston, Frederick C., |
| Fuller form of name |
(Frederick Charles), |
| Dates associated with a name |
1907-1994 |
| 9 (RLIN) |
3566 |
| Relator term |
autor |
| 240 10 - UNIFORM TITLE |
| Uniform title |
A history of philosophy. |
| Language of a work |
Español |
| 245 10 - TITLE STATEMENT |
| Title |
Historia de la filosofía. |
| Number of part/section of a work |
Volumen III. |
| Name of part/section of a work |
De la filosofía kantiana al idealismo / |
| Statement of responsibility, etc. |
Frederick Copleston |
| 250 ## - EDITION STATEMENT |
| Edition statement |
Primera edición castellana/ |
| Remainder of edition statement |
dirigida por Manuel Sacristán |
| 264 #1 - PRODUCTION, PUBLICATION, DISTRIBUTION, MANUFACTURE, AND COPYRIGHT NOTICE |
| Place of production, publication, distribution, manufacture |
Barcelona : |
| Name of producer, publisher, distributor, manufacturer |
Editorial Ariel, |
| Date of production, publication, distribution, manufacture, or copyright notice |
2011 |
| 300 ## - PHYSICAL DESCRIPTION |
| Extent |
1 volumen (paginación varía) ; |
| Dimensions |
22 cm |
| 336 ## - CONTENT TYPE |
| Fuente |
rdacontent |
| Content type term |
texto |
| Content type code |
txt |
| 337 ## - MEDIA TYPE |
| Source |
rdamedia |
| Media type term |
sin medio |
| Media type code |
n |
| 338 ## - CARRIER TYPE |
| Source |
rdacarrier |
| Carrier type term |
volumen |
| Carrier type code |
nc |
| 505 0# - FORMATTED CONTENTS NOTE |
| Miscellaneous information |
tomo VI. |
| Title |
De Wolf a Kant / |
| Statement of responsibility |
traducción de Manuel Sacristán. -- |
| Miscellaneous information |
tomo VII. |
| Title |
De Fichte a Nietzsche / |
| Statement of responsibility |
traducción de Ana Somènech. |
| 650 #7 - SUBJECT ADDED ENTRY--TOPICAL TERM |
| Source of heading or term |
armarc |
| Topical term or geographic name entry element |
Filosofía |
| General subdivision |
Historia |
| 700 1# - ADDED ENTRY--PERSONAL NAME |
| Personal name |
Sacristán, Manuel, |
| Relator term |
director |
| -- |
traductor |
| 700 1# - ADDED ENTRY--PERSONAL NAME |
| Personal name |
Somènech, Ana, |
| Relator term |
traductor |
| 700 12 - ADDED ENTRY--PERSONAL NAME |
| Personal name |
Copleston, Frederick C., (Frederick Charles), |
| Dates associated with a name |
1907-1994. |
| Title of a work |
A history of philosophy. |
| Number of part/section of a work |
Tomo VI. |
| Name of part/section of a work |
Wolff to Kant. |
| Language of a work |
Español. |
| 700 12 - ADDED ENTRY--PERSONAL NAME |
| Personal name |
Copleston, Frederick C., (Frederick Charles), |
| Dates associated with a name |
1907-1994. |
| Title of a work |
A history of philosophy. |
| Number of part/section of a work |
Tomo VII. |
| Name of part/section of a work |
Fichte to Nietzsche. |
| Language of a work |
Español. |
| 740 02 - ADDED ENTRY--UNCONTROLLED RELATED/ANALYTICAL TITLE |
| Uncontrolled related/analytical title |
Historia de la filosofía. |
| Number of part/section of a work |
Tomo VI. |
| Name of part/section of a work |
De Wolf a Kant. |
| 740 02 - ADDED ENTRY--UNCONTROLLED RELATED/ANALYTICAL TITLE |
| Uncontrolled related/analytical title |
Historia de la filosofía. |
| Number of part/section of a work |
Tomo VII. |
| Name of part/section of a work |
De Fichte a Nietzsche. |
| 942 ## - ADDED ENTRY ELEMENTS (KOHA) |
| Source of classification or shelving scheme |
Dewey Decimal Classification |
| Koha item type |
Libro |
| Classification part |
109 |
| Item part |
C78 |